Least Known Countries of the World - Statistics

General Stats
  • This quiz has been taken 40 times
    10 since last reset
  • The average score is 26 of 50
Answer Stats
# Answer % Correct
1 São Tomé and Príncipe
100%
13 Antigua and Barbuda
75%
38 Barbados
75%
4 Comoros
75%
20 Equatorial Guinea
75%
26 Federated States of Micronesia
75%
8 Grenada
75%
34 Maldives
75%
27 Mauritius
75%
2 Nauru
75%
3 Palau
75%
15 Saint Kitts and Nevis
75%
16 Saint Lucia
75%
6 Saint Vincent and the Grenadines
75%
24 Samoa
75%
25 Seychelles
75%
7 Tuvalu
75%
28 Bahrain
50%
22 Burkina Faso
50%
19 Cape Verde
50%
30 Djibouti
50%
12 East Timor
50%
41 Eritrea
50%
21 Gabon
50%
29 Gambia
50%
11 Guinea-Bissau
50%
5 Kiribati
50%
40 Kosovo
50%
37 Kyrgyzstan
50%
32 Malawi
50%
9 Marshall Islands
50%
50 Moldova
50%
33 San Marino
50%
35 Sierra Leone
50%
43 Tajikistan
50%
45 Trinidad and Tobago
50%
10 Vanuatu
50%
31 Benin
25%
17 Brunei
25%
18 Burundi
25%
48 Central African Republic
25%
39 Lesotho
25%
36 Mauritania
25%
49 Montenegro
25%
44 Senegal
25%
14 Solomon Islands
25%
42 Swaziland
25%
47 Togo
25%
23 Tonga
25%
46 Cameroon
0%
No matching quizzes found
Score Distribution
Percent of People with Each Score
Percentile by Number Answered
Your Score History
You have not taken this quiz since the last reset